[Event "ICS rated blitz match"]
[Site "204.178.125.65"]
[Date "1999.08.05"]
[Round "?"]
[White "libertad"]
[Black "Hossa"]
[Result "1-0"]
[WhiteElo "2145"]
[BlackElo "2430"]
[PlyCount "58"]
[EventDate "1999.??.??"]

1. e4 c5 2. c3 d5 3. exd5 Qxd5 4. d4 Nf6 5. Nf3 cxd4 6. cxd4 Bg4 7. Nc3 Qe6+ 8.
Be3 Nbd7 9. Rc1 Qb6 10. h3 Bxf3 11. Qxf3 Qxb2 12. Bb5 Rb8 13. Bf4 Rd8 14. Qxb7
Qa3 15. Bxd7+ Rxd7 16. Qc8+ Rd8 17. Qc6+ Rd7 18. Rb1 e6 19. Rb8+ Ke7 20. Nb1
Qa5+ 21. Bd2 Rc7 22. Rb7 Nd7 23. Rxc7 Qd5 24. Bb4+ Kf6 25. Qxd5 Bxb4+ 26. Ke2
exd5 27. Rxd7 Re8+ 28. Kd3 Re7 29. Rxe7 29... Kxe7 {Hossa resigns} 1-0

[Event "ICS rated blitz match"]
[Site "204.178.125.65"]
[Date "1999.08.05"]
[Round "?"]
[White "Hossa"]
[Black "libertad"]
[Result "0-1"]
[WhiteElo "2403"]
[BlackElo "2172"]
[PlyCount "122"]
[EventDate "1999.??.??"]

1. d4 d5 2. c4 dxc4 3. e4 e5 4. Nf3 Bb4+ 5. Bd2 Bxd2+ 6. Nbxd2 exd4 7. Bxc4 Nc6
8. O-O Qf6 9. Bb5 Nge7 10. e5 Qf4 11. g3 Qg4 12. Nb3 O-O 13. Nfxd4 Nxd4 14.
Nxd4 Rd8 15. f4 Qg6 16. Bc4 Qb6 17. Bxf7+ Kxf7 18. Qb3+ Qxb3 19. Nxb3 b6 20.
Rac1 c5 21. Rc3 c4 22. Na1 Bf5 23. Re1 Rd2 24. Rxc4 Rad8 25. b4 Rxa2 26. Rc3
Rdd2 27. h4 Rg2+ 28. Kh1 Bh3 29. Nc2 Raxc2 30. Rxc2 Rxc2 31. Ra1 a5 32. bxa5
bxa5 33. Rxa5 Nf5 34. Ra7+ Ke6 35. Ra6+ Kf7 36. Ra7+ Kg6 37. Ra3 Kh5 38. Kg1
Kg4 39. Ra7 Rg2+ 40. Kf1 Nxg3+ 41. Ke1 Re2+ 42. Kd1 g6 43. Rf7 h5 44. f5 gxf5
45. Rg7+ Kxh4 46. Rxg3 Kxg3 47. Kxe2 f4 48. Kd2 Be6 49. Kd3 f3 50. Ke4 Kg2 51.
Kd4 f2 52. Ke3 f1=Q 53. Kd2 Qf2+ 54. Kd3 Qf3+ 55. Kd4 Qf5 56. Kc5 h4 57. Kc6
Qxe5 58. Kb6 Qd5 59. Ka7 Qb3 60. Ka6 Bc8+ 61. Ka7 61... Qb7# {Hossa checkmated}
0-1

[Event "ICS rated blitz match"]
[Site "204.178.125.65"]
[Date "1999.08.05"]
[Round "?"]
[White "libertad"]
[Black "Hossa"]
[Result "1-0"]
[WhiteElo "2197"]
[BlackElo "2378"]
[PlyCount "115"]
[EventDate "1999.??.??"]

1. Nf3 Nc6 2. e4 e5 3. Bb5 Bc5 4. c3 Nge7 5. O-O f5 6. d4 exd4 7. cxd4 fxe4 8.
dxc5 exf3 9. Qxf3 a6 10. Bxc6 dxc6 11. Rd1 Bd7 12. Nc3 Qc8 13. Re1 Be6 14. Bg5
h6 15. Bh4 Ng6 16. Qf5 Nf8 17. f4 g5 18. Rxe6+ Nxe6 19. Re1 Ke7 20. fxg5 Qg8
21. g6+ Kd7 22. g7 Re8 23. gxh8=Q Qxh8 24. Ne4 Rf8 25. Nf6+ Rxf6 26. Bxf6 Qg8
27. Rd1+ Ke8 28. Bh4 Qf7 29. Qxf7+ Kxf7 30. Rd7+ Kg6 31. b4 h5 32. Re7 Kf5 33.
Rxe6 Kxe6 34. Bd8 Kd7 35. Bxc7 Kxc7 36. g3 Kd7 37. Kf2 Ke6 38. Ke3 Kf5 39. h3
Kg5 40. Kd4 Kf6 41. Ke4 Ke6 42. a3 Kf6 43. Kf4 a5 44. Ke4 axb4 45. axb4 Ke6 46.
Kd4 Kf6 47. Ke4 Ke6 48. g4 hxg4 49. hxg4 Kf7 50. Kf5 Kf8 51. g5 Kf7 52. g6+ Kg7
53. Kg5 Kf8 54. Kf6 Kg8 55. g7 Kh7 56. Kf7 Kh6 57. g8=Q b6 58. Qg6# {
Hossa checkmated} 1-0

[Event "ICS rated blitz match"]
[Site "204.178.125.65"]
[Date "1999.08.05"]
[Round "?"]
[White "Hossa"]
[Black "geyik"]
[Result "1/2-1/2"]
[WhiteElo "2354"]
[BlackElo "2078"]
[PlyCount "155"]
[EventDate "1999.??.??"]

1. d4 d5 2. Nf3 Nf6 3. e3 e6 4. Bd3 c5 5. O-O Nc6 6. Bb5 Bd7 7. Ng5 h6 8. Nh3
Bd6 9. c4 cxd4 10. exd4 O-O 11. cxd5 Nxd5 12. Nc3 Nxc3 13. bxc3 a6 14. Bxc6
Bxc6 15. c4 Qb8 16. f4 b5 17. c5 Bc7 18. Bb2 Qb7 19. Qg4 Bd5 20. f5 exf5 21.
Rxf5 Rae8 22. Nf4 Bxf4 23. Rxf4 Re6 24. Rf2 Rfe8 25. Bc3 Rg6 26. Qh3 Re4 27.
Rd1 Reg4 28. Rdd2 b4 29. Ba1 a5 30. Rde2 Qd7 31. Qe3 Re4 32. Qd3 Rxe2 33. Qxe2
a4 34. Qd2 b3 35. axb3 axb3 36. Qd3 Qa4 37. Bc3 Re6 38. Qf5 Qd7 39. h4 Re7 40.
Qxd7 Rxd7 41. Re2 Kf8 42. Kf2 Ra7 43. g4 Ra2 44. Bb2 f6 45. h5 Kf7 46. Kg3 Bc4
47. Rd2 Bd5 48. Kf4 Ra7 49. Re2 Re7 50. Rxe7+ Kxe7 51. Kf5 Kf7 52. Ba3 Bc4 53.
Ke4 Ke6 54. Bb2 Bd5+ 55. Ke3 f5 56. Kf4 fxg4 57. Kxg4 Kf6 58. Kf4 g6 59. hxg6
Kxg6 60. Ke5 Bf3 61. d5 h5 62. c6 h4 63. c7 Bg4 64. Kf4 Bd7 65. Bd4 h3 66. Kg3
Kf5 67. Kf3 h2 68. Kg2 Ke4 69. Bb2 Kxd5 70. Kxh2 Kc6 71. Ba1 Kxc7 72. Kg1 Kc6
73. Bb2 Kb5 74. Bc1 Kc4 75. Bb2 Kd3 76. Bc1 Kc2 77. Ba3 b2 78. Bxb2 {
Game drawn because neither player has mating material} 1/2-1/2

[Event "ICS rated blitz match"]
[Site "204.178.125.65"]
[Date "1999.08.05"]
[Round "?"]
[White "geyik"]
[Black "Hossa"]
[Result "0-1"]
[WhiteElo "2089"]
[BlackElo "2343"]
[PlyCount "48"]
[EventDate "1999.??.??"]

1. d4 d5 2. c4 e6 3. Nc3 dxc4 4. Nf3 c6 5. a4 b6 6. e4 Ba6 7. Ne5 Bd6 8. Nxc4
Bb4 9. Be2 Bxc4 10. Bxc4 Qh4 11. Bd3 Nf6 12. Qe2 c5 13. dxc5 Bxc3+ 14. bxc3
bxc5 15. O-O O-O 16. Be3 c4 17. Bxc4 Nxe4 18. Rac1 Rd8 19. Bd3 Nf6 20. Qf3 Nbd7
21. Bf4 e5 22. Bg3 Qxa4 23. Rfd1 e4 24. Bxe4 24... Qxe4 {geyik resigns} 0-1

[Event "ICS rated blitz match"]
[Site "204.178.125.65"]
[Date "1999.08.05"]
[Round "?"]
[White "Yugor"]
[Black "Hossa"]
[Result "0-1"]
[WhiteElo "2020"]
[BlackElo "2353"]
[PlyCount "38"]
[EventDate "1999.??.??"]

1. e4 d6 2. d4 Nf6 3. Nc3 Nbd7 4. f4 e5 5. dxe5 dxe5 6. f5 Bb4 7. Qf3 Bxc3+ 8.
bxc3 Nc5 9. Ba3 Ncxe4 10. Rd1 Bd7 11. Bc4 Qc8 12. g4 Bc6 13. g5 Nd2 14. Qd3
Nxc4 15. Qxc4 Qxf5 16. gxf6 Qxf6 17. Qg4 Rd8 18. Rxd8+ Kxd8 19. Bc1 19... h6 {
Yugor resigns} 0-1

[Event "ICS rated blitz match"]
[Site "204.178.125.65"]
[Date "1999.08.05"]
[Round "?"]
[White "Hossa"]
[Black "libertad"]
[Result "1-0"]
[WhiteElo "2357"]
[BlackElo "2209"]
[PlyCount "87"]
[EventDate "1999.??.??"]

1. d4 Nf6 2. c4 e6 3. Nc3 Bb4 4. Bg5 h6 5. Bh4 c5 6. d5 Bxc3+ 7. bxc3 e5 8. Nf3
d6 9. Nd2 g5 10. Bg3 Bf5 11. f3 Nbd7 12. e4 Bg6 13. Be2 Nh5 14. Bf2 Nf4 15. O-O
Qa5 16. Nb1 O-O-O 17. Qd2 Qa4 18. Bg3 f5 19. Bd3 Nxd3 20. Qxd3 f4 21. Bf2 Kb8
22. Nd2 Nf6 23. Rfb1 Rhf8 24. Rb2 Nd7 25. Rab1 Nb6 26. Kh1 g4 27. fxg4 h5 28.
gxh5 Bxh5 29. Bh4 Rd7 30. Bg5 Rh7 31. Kg1 Qd7 32. Rxb6 axb6 33. Rxb6 Qg4 34.
Nf3 Rg7 35. h4 Be8 36. Rxd6 Rh8 37. Nxe5 Qh5 38. Rd8+ Kc7 39. d6+ Kb6 40. d7
Rxg5 41. Qd6+ Ka7 42. Ra8+ Kxa8 43. d8=Q+ Ka7 44. Qa5# {libertad checkmated}
1-0

[Event "ICS rated blitz match"]
[Site "204.178.125.65"]
[Date "1999.08.05"]
[Round "?"]
[White "Hossa"]
[Black "Yugor"]
[Result "1/2-1/2"]
[WhiteElo "2367"]
[BlackElo "2012"]
[PlyCount "53"]
[EventDate "1999.??.??"]

1. e4 c5 2. c3 Nf6 3. e5 Nd5 4. d4 cxd4 5. cxd4 d6 6. Bb5+ Nc6 7. Ne2 Bd7 8.
exd6 exd6 9. O-O Be7 10. Qb3 Nb6 11. Nbc3 O-O 12. Bd3 Rc8 13. Re1 Na5 14. Qc2
g6 15. Bh6 Re8 16. Qd2 Nac4 17. Qc1 d5 18. f4 Qc7 19. b3 Nd6 20. Qd1 Nf5 21.
Bxf5 Bxf5 22. Rc1 Qd7 23. Qd2 Ba3 24. Ra1 Bb4 25. Rac1 Ba3 26. Ra1 Bb4 27. Rac1
{Game drawn by mutual agreement} 1/2-1/2

[Event "ICS rated blitz match"]
[Site "204.178.125.65"]
[Date "1999.08.05"]
[Round "?"]
[White "Hossa"]
[Black "fjolset"]
[Result "1-0"]
[WhiteElo "2359"]
[BlackElo "2112"]
[PlyCount "67"]
[EventDate "1999.??.??"]

1. d4 d5 2. c4 e6 3. Nc3 f5 4. Bf4 Nf6 5. Qa4+ c6 6. O-O-O Bd6 7. Bxd6 Qxd6 8.
g3 Nbd7 9. f4 O-O 10. Nf3 Qc7 11. e3 Nb6 12. Qb3 a5 13. Ne5 a4 14. Qa3 Nxc4 15.
Bxc4 dxc4 16. Nxc4 b5 17. Ne5 Bd7 18. Qe7 Rae8 19. Qc5 Rb8 20. Kb1 Nd5 21. Rde1
Nxc3+ 22. Qxc3 b4 23. Qc5 Rb5 24. Qe7 Rb7 25. Rc1 Re8 26. Qxd7 Qxd7 27. Nxd7
Rxd7 28. Rxc6 b3 29. Ra6 bxa2+ 30. Kxa2 Rc8 31. Rxa4 Rdc7 32. Ra1 Rc6 33. Kb3
Rb8+ 34. Rb4 {fjolset resigns} 1-0

[Event "ICS rated blitz match"]
[Site "204.178.125.65"]
[Date "1999.08.05"]
[Round "?"]
[White "fjolset"]
[Black "Hossa"]
[Result "0-1"]
[WhiteElo "2106"]
[BlackElo "2365"]
[PlyCount "142"]
[EventDate "1999.??.??"]

1. d4 d5 2. e3 Bf5 3. Bd3 Bxd3 4. Qxd3 c6 5. f4 e6 6. Nf3 Bd6 7. O-O Nf6 8.
Nbd2 O-O 9. c3 c5 10. Ne5 cxd4 11. exd4 Nc6 12. Qe2 Rc8 13. Kh1 Qe7 14. Rg1 a6
15. g4 Rc7 16. g5 Nd7 17. Rg3 f6 18. gxf6 Qxf6 19. Ndf3 Kh8 20. Qg2 Bxe5 21.
fxe5 Qe7 22. Bg5 Qe8 23. Rg1 Nb6 24. Nh4 Nc4 25. Bc1 Rff7 26. Rh3 Qd7 27. Ng6+
Kg8 28. Nh4 Rc8 29. Bh6 Kh8 30. Bc1 Re8 31. Ng6+ Kg8 32. Nh4 Ref8 33. Bh6 Qe7
34. Rg3 Kh8 35. Ng6+ hxg6 36. Rxg6 Rf2 37. Bxg7+ Qxg7 38. Rxg7 Rxg2 39. R7xg2
Rf7 40. Rg3 Nxb2 41. R1g2 Nc4 42. Rh3+ Rh7 43. Rxh7+ Kxh7 44. Rf2 Kg7 45. Kg2
b5 46. h4 b4 47. cxb4 Nxd4 48. a4 Nxe5 49. b5 axb5 50. axb5 Nxb5 51. Kg3 d4 52.
Kf4 Nd3+ 53. Kf3 Nxf2 54. Kxf2 Kh6 55. Ke2 d3+ 56. Kxd3 Kh5 57. Ke4 Kxh4 58.
Ke5 Nc7 59. Kd6 Kg4 60. Ke5 Kf3 61. Kf6 Kf4 62. Ke7 e5 63. Kd7 e4 64. Kxc7 e3
65. Kd6 e2 66. Kd5 e1=Q 67. Kd6 Qa5 68. Kc6 Ke5 69. Kd7 Qc5 70. Kd8 Ke6 71. Ke8
71... Qc8# {fjolset checkmated} 0-1

[Event "ICS rated bullet match"]
[Site "204.178.125.65"]
[Date "1999.08.05"]
[Round "?"]
[White "Hossa"]
[Black "JSBach"]
[Result "0-1"]
[WhiteElo "2324"]
[BlackElo "2132"]
[PlyCount "144"]
[EventDate "1999.??.??"]

1. d4 d5 2. Nf3 Nf6 3. e3 Bf5 4. Be2 Nc6 5. Nh4 Bd7 6. Nc3 e6 7. O-O Bd6 8. Bd3
Ne4 9. Nf3 Nxc3 10. bxc3 O-O 11. Rb1 b6 12. e4 dxe4 13. Bxe4 Rb8 14. c4 Qe8 15.
Bb2 Nb4 16. a3 Nc6 17. Qd3 f5 18. Bxc6 Bxc6 19. Rbe1 Be4 20. Qe3 c5 21. Nd2 Qh5
22. h3 Rbe8 23. Nxe4 fxe4 24. Qxe4 Bf4 25. c3 Bd2 26. Qe2 Qg5 27. Rb1 Bf4 28.
Qg4 Qe7 29. Rfe1 Qd6 30. g3 Bh6 31. f4 Qc6 32. Qe2 Kh8 33. Qd3 Qd7 34. Re5 g6
35. Rf1 Bg7 36. Re4 e5 37. fxe5 Qxh3 38. Rxf8+ Rxf8 39. d5 Qf5 40. Qe2 Qh3 41.
Qg2 Qh5 42. g4 Qg5 43. Qh2 Rf5 44. e6 Be5 45. Qe2 Kg7 46. Qg2 Rf8 47. Qh3 Kg8
48. a4 Bd6 49. Qg2 Kh8 50. Ba3 Be5 51. Qh3 Qf6 52. Kh1 Kg8 53. Re3 Bd6 54. Qg2
Qh4+ 55. Kg1 Rf4 56. Re4 Rf8 57. g5 Bh2+ 58. Qxh2 Qxe4 59. Qd2 Qxc4 60. Kh2 Rf5
61. d6 Rd5 62. Qf2 Rf5 63. Qd2 Qh4+ 64. Kg2 Rxg5+ 65. Kf1 Qh1+ 66. Ke2 Re5+ 67.
Qe3 Qg2+ 68. Kd1 Rxe3 69. d7 Qe2+ 70. Kc1 Rxc3+ 71. Kb1 Qc2+ 72. Ka1 72...
Rxa3# {Hossa checkmated} 0-1

[Event "ICS rated blitz match"]
[Site "204.178.125.65"]
[Date "1999.08.05"]
[Round "?"]
[White "Yugor"]
[Black "Hossa"]
[Result "0-1"]
[WhiteElo "2055"]
[BlackElo "2371"]
[PlyCount "26"]
[EventDate "1999.??.??"]

1. e4 c5 2. Nf3 e6 3. d4 cxd4 4. Nxd4 Nf6 5. Nc3 Bb4 6. Bd3 d5 7. f3 dxe4 8.
Bxe4 Bxc3+ 9. bxc3 Nxe4 10. fxe4 Qh4+ 11. g3 Qxe4+ 12. Kf2 O-O 13. Qd3 13...
Qxh1 {Yugor resigns} 0-1

[Event "ICS rated blitz match"]
[Site "204.178.125.65"]
[Date "1999.08.05"]
[Round "?"]
[White "Hossa"]
[Black "Yugor"]
[Result "1-0"]
[WhiteElo "2375"]
[BlackElo "2051"]
[PlyCount "111"]
[EventDate "1999.??.??"]

1. d4 d5 2. c4 dxc4 3. e4 c5 4. d5 Nf6 5. Nc3 e6 6. Bxc4 exd5 7. exd5 Bd6 8.
Qe2+ Qe7 9. Nb5 Qxe2+ 10. Nxe2 Kd7 11. Nxd6 Kxd6 12. Bf4+ Kd7 13. O-O Kd8 14.
Rad1 a6 15. Bd2 b5 16. Bb3 Re8 17. Ba5+ Ke7 18. Rfe1 Kf8 19. Nc3 Rxe1+ 20. Rxe1
Bb7 21. Bd8 Nbd7 22. Be7+ Kg8 23. Bxf6 gxf6 24. Re7 Rd8 25. d6 c4 26. Bc2 Bc6
27. Be4 Bxe4 28. Nxe4 Kf8 29. h3 b4 30. Kh2 a5 31. g3 a4 32. g4 c3 33. bxc3 b3
34. axb3 a3 35. Nd2 Ne5 36. Ra7 Rxd6 37. Nb1 Rd1 38. Nxa3 Rd2 39. Kg2 Nd3 40.
Kg3 Nxf2 41. Nb5 Ne4+ 42. Kf4 Nc5 43. Nd4 Rd3 44. Kf5 Rxc3 45. b4 Nd3 46. Kxf6
Rc8 47. b5 Nc5 48. Rxf7+ Kg8 49. Rg7+ Kh8 50. Re7 h5 51. gxh5 Rf8+ 52. Kg6 Nd3
53. Nc6 Nf4+ 54. Kh6 Nxh3 55. Rh7+ Kg8 56. Ne7# {Yugor checkmated} 1-0

[Event "ICS Rated blitz match"]
[Site "204.178.125.65"]
[Date "1999.08.05"]
[Round "?"]
[White "Yugor"]
[Black "Hossa"]
[Result "0-1"]
[WhiteElo "2047"]
[BlackElo "2379"]
[PlyCount "50"]
[EventDate "1999.??.??"]

1. e4 c5 2. Nf3 e6 3. d4 cxd4 4. Nxd4 d5 5. exd5 Qxd5 6. Nc3 Bb4 7. Bb5+ Bd7 8.
O-O Bxc3 9. bxc3 Bxb5 10. Nxb5 Qxb5 11. Ba3 Nc6 12. Qd6 Nge7 13. Rad1 O-O 14.
Qc7 Rac8 15. Qg3 Rfd8 16. h4 Nf5 17. Qh3 Qa4 18. c4 Ncd4 19. Bb2 Ne2+ 20. Kh1
Qxc4 21. Rde1 Rd2 22. g4 Nfg3+ 23. fxg3 Qe4+ 24. Kh2 Nf4+ 25. Kg1 25... Nxh3# {
Yugor checkmated} 0-1

[Event "ICS rated blitz match"]
[Site "204.178.125.65"]
[Date "1999.08.05"]
[Round "?"]
[White "Hossa"]
[Black "Yugor"]
[Result "1-0"]
[WhiteElo "2383"]
[BlackElo "2043"]
[PlyCount "59"]
[EventDate "1999.??.??"]

1. d4 Nf6 2. c4 c5 3. d5 b5 4. cxb5 a6 5. f3 g6 6. e4 d6 7. Nc3 Bg7 8. Bg5 O-O
9. Qd2 Nbd7 10. bxa6 Bxa6 11. Bxa6 Rxa6 12. Bh6 e6 13. Bxg7 Kxg7 14. Nge2 exd5
15. Nxd5 Nxd5 16. Qxd5 Re8 17. O-O Nf6 18. Qc4 Rb6 19. b3 d5 20. Qxc5 dxe4 21.
Rad1 Qb8 22. fxe4 Rxe4 23. Ng3 Ree6 24. Rf2 Ra6 25. Qg5 Ne4 26. Nf5+ Kh8 27.
Rd8+ Re8 28. Rxb8 Rxb8 29. Qe7 gxf5 30. Qe5+ {Yugor resigns} 1-0

[Event "ICS rated blitz match"]
[Site "204.178.125.65"]
[Date "1999.08.05"]
[Round "?"]
[White "Hossa"]
[Black "Yugor"]
[Result "1-0"]
[WhiteElo "2391"]
[BlackElo "2035"]
[PlyCount "39"]
[EventDate "1999.??.??"]

1. d4 d5 2. c4 dxc4 3. e4 c5 4. d5 b5 5. a4 Nf6 6. axb5 Nxe4 7. Bxc4 e6 8. Qb3
Nd6 9. dxe6 Nxc4 10. exf7+ Kxf7 11. Qf3+ Qf6 12. Qxa8 Qe5+ 13. Ne2 Bg4 14.
Rxa7+ Kg6 15. Nbc3 Bd6 16. Bf4 Qe6 17. Bxd6 Bxe2 18. Re7 Qxd6 19. Qe4+ Kh6 20.
Re6+ {Yugor resigns} 1-0

[Event "ICS rated blitz match"]
[Site "204.178.125.65"]
[Date "1999.08.05"]
[Round "?"]
[White "Yugor"]
[Black "Hossa"]
[Result "0-1"]
[WhiteElo "2031"]
[BlackElo "2395"]
[PlyCount "132"]
[EventDate "1999.??.??"]

1. e4 c5 2. Nf3 e6 3. d4 cxd4 4. c3 dxc3 5. Nxc3 Bb4 6. Bc4 Bxc3+ 7. bxc3 Nc6
8. Ba3 Nf6 9. e5 Ng4 10. Qd6 f6 11. O-O Ngxe5 12. Nxe5 Nxe5 13. Bb5 Kf7 14. f4
Nc6 15. Bc5 Qe7 16. Rad1 Qxd6 17. Rxd6 Re8 18. f5 exf5 19. Bc4+ Kg6 20. Rf3
Re1+ 21. Kf2 Re4 22. Bd3 Re5 23. Be3 h6 24. Rg3+ Kf7 25. Bf4 Rc5 26. c4 Nb4 27.
Be2 g5 28. Bh5+ Kg7 29. h4 Rxc4 30. Bd2 Nxa2 31. hxg5 fxg5 32. Re3 Re4 33. Ra3
Nb4 34. Bf3 Na6 35. Bxe4 fxe4 36. Ra4 Nc5 37. Rc4 b6 38. Be3 Ne6 39. Rxe4 Rb8
40. Ra4 Rb7 41. Rc4 Rc7 42. Rxc7 Nxc7 43. Rd2 Nb5 44. Ra2 d5 45. Rd2 Be6 46.
Bd4+ Kg6 47. Be3 h5 48. Rb2 Nd6 49. Ra2 d4 50. Rxa7 dxe3+ 51. Kxe3 Kf5 52. Rh7
h4 53. Rh6 Nf7 54. Rh7 Kg6 55. Rxf7 Kxf7 56. Kf3 Bd5+ 57. Ke3 Bxg2 58. Kf2 h3
59. Kg1 b5 60. Kh2 b4 61. Kg3 b3 62. Kh2 b2 63. Kg3 b1=Q 64. Kg4 Qe4+ 65. Kxg5
Bf3 66. Kh6 66... Qg6# {Yugor checkmated} 0-1

[Event "ICS rated blitz match"]
[Site "204.178.125.65"]
[Date "1999.08.05"]
[Round "?"]
[White "Hossa"]
[Black "Yugor"]
[Result "1-0"]
[WhiteElo "2399"]
[BlackElo "2027"]
[PlyCount "97"]
[EventDate "1999.??.??"]

1. d4 Nf6 2. c4 c5 3. d5 b5 4. cxb5 a6 5. f3 d6 6. e4 g6 7. bxa6 Bxa6 8. Bxa6
Nxa6 9. Ne2 Bg7 10. Nbc3 O-O 11. O-O Qb6 12. Na4 Qb7 13. Bg5 Rfb8 14. Nec3 Nc7
15. Qd3 Nb5 16. b3 Nxc3 17. Nxc3 h6 18. Bh4 g5 19. Bg3 Nd7 20. Kh1 Qb4 21. Rfc1
Rc8 22. Rc2 c4 23. bxc4 Rxc4 24. Be1 Rac8 25. Ne2 Qc5 26. Rxc4 Qxc4 27. Qxc4
Rxc4 28. Rc1 Ra4 29. Rc8+ Kh7 30. Rc2 Nc5 31. Kg1 Kg6 32. h3 f5 33. exf5+ Kxf5
34. Ng3+ Kg6 35. Bf2 Nd3 36. Nf1 Nb4 37. Rc4 Bb2 38. Ne3 Be5 39. a3 Rxa3 40.
Rxb4 Ra1+ 41. Nf1 Bh2+ 42. Kxh2 Rxf1 43. Bb6 Rd1 44. Rd4 Rxd4 45. Bxd4 Kf5 46.
Kg3 e5 47. dxe6 Kxe6 48. Kg4 Kd5 49. Bg7 {Yugor resigns} 1-0

[Event "ICS rated blitz match"]
[Site "204.178.125.65"]
[Date "1999.08.05"]
[Round "?"]
[White "Yugor"]
[Black "Hossa"]
[Result "0-1"]
[WhiteElo "2024"]
[BlackElo "2402"]
[PlyCount "56"]
[EventDate "1999.??.??"]

1. e4 c5 2. Nf3 e6 3. d4 cxd4 4. Nxd4 d5 5. Bb5+ Bd7 6. exd5 exd5 7. O-O Bc5 8.
Re1+ Ne7 9. Bxd7+ Qxd7 10. Nb3 Bd6 11. Nc3 O-O 12. g3 Bb4 13. Bd2 Nbc6 14. a3
Bxc3 15. Bxc3 Rae8 16. Bd4 Qh3 17. Qd2 f6 18. Re2 Rf7 19. Rae1 b5 20. Bc5 Ne5
21. Rxe5 fxe5 22. Rxe5 Qd7 23. Bxe7 Rfxe7 24. Rxd5 Re1+ 25. Kg2 Qc6 26. Na5 Qa8
27. b3 R1e2 28. Qd3 28... Rxc2 {Yugor resigns} 0-1

[Event "ICS rated blitz match"]
[Site "204.178.125.65"]
[Date "1999.08.05"]
[Round "?"]
[White "Hossa"]
[Black "Yugor"]
[Result "1-0"]
[WhiteElo "2405"]
[BlackElo "2021"]
[PlyCount "35"]
[EventDate "1999.??.??"]

1. d4 d5 2. c4 dxc4 3. e4 c5 4. d5 e6 5. Nc3 Nf6 6. Bxc4 exd5 7. exd5 Be7 8.
Bf4 Bd6 9. Qe2+ Kd7 10. Bxd6 Kxd6 11. Nf3 Re8 12. Nb5+ Kd7 13. Ne5+ Ke7 14.
Nc6+ Kf8 15. Nxd8 Rxe2+ 16. Bxe2 Na6 17. Nd6 Ke7 18. N8xb7 {Yugor resigns} 1-0

[Event "ICS rated blitz match"]
[Site "204.178.125.65"]
[Date "1999.08.05"]
[Round "?"]
[White "Yugor"]
[Black "Hossa"]
[Result "0-1"]
[WhiteElo "2018"]
[BlackElo "2408"]
[PlyCount "54"]
[EventDate "1999.??.??"]

1. e4 c5 2. Nf3 e6 3. Nc3 d5 4. d4 cxd4 5. Qxd4 Nc6 6. Bb5 Bd7 7. Bxc6 bxc6 8.
exd5 cxd5 9. O-O Ne7 10. Re1 f6 11. Bd2 Qb6 12. Qxb6 axb6 13. a3 e5 14. Rad1
O-O-O 15. Ne2 Bg4 16. h3 Bxf3 17. gxf3 g5 18. Be3 d4 19. Bd2 Nf5 20. Kg2 Nh4+
21. Kg3 Bc5 22. Nc1 h5 23. Nd3 Bd6 24. f4 exf4+ 25. Bxf4 Nf5+ 26. Kg2 gxf4 27.
f3 27... Ne3+ {Yugor resigns} 0-1

[Event "ICS rated blitz match"]
[Site "204.178.125.65"]
[Date "1999.08.05"]
[Round "?"]
[White "Hossa"]
[Black "Yugor"]
[Result "1-0"]
[WhiteElo "2411"]
[BlackElo "2015"]
[PlyCount "49"]
[EventDate "1999.??.??"]

1. e4 c5 2. Nf3 d6 3. d4 cxd4 4. Qxd4 Nc6 5. Bb5 Bd7 6. Qd1 Nf6 7. Nc3 g6 8.
O-O Bg7 9. Bg5 O-O 10. Qd2 a6 11. Be2 Rc8 12. Bh6 Nb4 13. Bxg7 Kxg7 14. Rad1
Be6 15. a3 Nc6 16. Qf4 Qa5 17. Rd2 Ne5 18. Nd4 Nc4 19. Bxc4 Bxc4 20. Rb1 Qe5
21. Qxe5 dxe5 22. Nf3 Rcd8 23. Rxd8 Rxd8 24. Nxe5 Rd2 25. Nxc4 {Yugor resigns}
1-0

[Event "ICS rated blitz match"]
[Site "204.178.125.65"]
[Date "1999.08.06"]
[Round "?"]
[White "Yugor"]
[Black "Hossa"]
[Result "0-1"]
[WhiteElo "2012"]
[BlackElo "2414"]
[PlyCount "108"]
[EventDate "1999.??.??"]

1. e4 c5 2. Nf3 e6 3. c4 Nc6 4. Nc3 Nf6 5. e5 Ng4 6. Qe2 d6 7. exd6 Bxd6 8. Nb5
Bb8 9. h3 Nf6 10. d3 a6 11. Nc3 Nd4 12. Nxd4 cxd4 13. Ne4 Nxe4 14. Qxe4 O-O 15.
Be2 Qd6 16. Bf3 Ra7 17. a3 Bd7 18. Qe2 e5 19. Bd5 b5 20. b3 Bf5 21. Bd2 Qg6 22.
Be4 Bxe4 23. Qxe4 Qxe4+ 24. dxe4 bxc4 25. bxc4 Rc7 26. Bb4 Rfc8 27. c5 Ba7 28.
Kd2 Bxc5 29. Bxc5 Rxc5 30. Rhc1 f6 31. Rxc5 Rxc5 32. Rb1 Rc3 33. a4 Ra3 34. Rb4
Ra2+ 35. Ke1 Kf7 36. g4 h6 37. h4 Kg6 38. Kf1 h5 39. f3 hxg4 40. fxg4 Ra3 41.
Kf2 Kh6 42. Ke2 Re3+ 43. Kf2 Rxe4 44. Rb6 Rxg4 45. Rxa6 Rxh4 46. Rd6 Rh2+ 47.
Kf3 Ra2 48. Ra6 Ra3+ 49. Ke2 e4 50. a5 Kg5 51. Ra8 Kf4 52. a6 d3+ 53. Ke1 e3
54. Kf1 54... Kg3 {Yugor resigns} 0-1

[Event "ICS rated blitz match"]
[Site "204.178.125.65"]
[Date "1999.08.06"]
[Round "?"]
[White "MiddleHead"]
[Black "Hossa"]
[Result "0-1"]
[WhiteElo "2267"]
[BlackElo "2424"]
[PlyCount "46"]
[EventDate "1999.??.??"]

1. e4 c5 2. Nf3 e6 3. d4 cxd4 4. Nxd4 d5 5. Bb5+ Bd7 6. exd5 exd5 7. O-O Bc5 8.
Re1+ Ne7 9. Nc3 O-O 10. Bxd7 Bxd4 11. Qxd4 Qxd7 12. Bg5 Nbc6 13. Qd2 f6 14. Bf4
Rfe8 15. Rad1 Kh8 16. h3 Rad8 17. Nb5 Nf5 18. Rxe8+ Qxe8 19. Nc7 Qe4 20. Nxd5
Nfd4 21. c3 Ne2+ 22. Kh1 Nxf4 23. f3 23... Qxd5 {MiddleHead resigns} 0-1

[Event "ICS rated blitz match"]
[Site "204.178.125.65"]
[Date "1999.08.06"]
[Round "?"]
[White "sbc"]
[Black "Hossa"]
[Result "0-1"]
[WhiteElo "2271"]
[BlackElo "2442"]
[PlyCount "50"]
[EventDate "1999.??.??"]

1. e4 c5 2. b3 e6 3. Bb2 d5 4. Bb5+ Bd7 5. Bxd7+ Nxd7 6. d3 Ngf6 7. Qe2 Be7 8.
Nd2 O-O 9. f4 Qa5 10. Ngf3 Nh5 11. g3 Nb6 12. O-O Rae8 13. e5 f6 14. c4 fxe5
15. Nxe5 Nf6 16. a3 Bd6 17. Rae1 a6 18. Qg2 Bxe5 19. fxe5 Ng4 20. h3 Rxf1+ 21.
Kxf1 Rf8+ 22. Kg1 Rf2 23. Re2 Rxg2+ 24. Kxg2 Ne3+ 25. Kf3 25... Nd1 {
sbc resigns} 0-1

[Event "ICS rated blitz match"]
[Site "204.178.125.65"]
[Date "1999.08.06"]
[Round "?"]
[White "MissSilicon"]
[Black "Hossa"]
[Result "1-0"]
[WhiteElo "2592"]
[BlackElo "2448"]
[PlyCount "158"]
[EventDate "1999.??.??"]

1. e4 c5 2. Nf3 e6 3. d4 cxd4 4. Nxd4 d5 5. exd5 Qxd5 6. Nc3 Bb4 7. Ndb5 Qxd1+
8. Kxd1 Kd7 9. Ne4 a6 10. c3 Be7 11. Nd4 e5 12. Nf5 Nf6 13. Ng5 Ng4 14. Nxf7
Rf8 15. Bc4 Nxf2+ 16. Ke1 Nxh1 17. Nxe7 Kxe7 18. Bg5+ Ke8 19. Rd1 Nc6 20. Nd6+
Kd7 21. Nb5+ Nd4 22. Nxd4 exd4 23. Rxd4+ Kc7 24. Bf4+ Kb6 25. Be3 Bf5 26. Bf7
Kc7 27. Bf4+ Kc8 28. Rc4+ Kd8 29. Bg5+ Kd7 30. Rd4+ Kc8 31. Rc4+ Kb8 32. Bf4+
Ka7 33. Be3+ b6 34. Rc7+ Kb8 35. Re7 Kc8 36. Bd5 Rb8 37. Bf4 Kd8 38. Rxg7 Rc8
39. Bg5+ Ke8 40. Re7+ Kd8 41. Rxh7+ Ke8 42. Re7+ Kd8 43. Bf7 Bd7 44. Bf6 b5 45.
g4 Kc7 46. g5 Kd6 47. g6 Rb8 48. g7 Rfc8 49. Re5 Bc6 50. Rg5 Rg8 51. Be5+ Ke7
52. Bb3 Rbd8 53. Bc7 Rde8 54. Bxg8 Rxg8 55. Be5 a5 56. Kf1 Bd5 57. Bd4 Bc6 58.
Rc5 Bf3 59. Kg1 b4 60. Rf5 Bc6 61. Rf8 Bd5 62. Bf6+ Kd6 63. b3 bxc3 64. Bxc3 a4
65. bxa4 Ng3 66. hxg3 Bxa2 67. a5 Kc6 68. a6 Kb6 69. Rf6+ Kc5 70. a7 Ra8 71.
Bd2 Kd4 72. Rf8 Rxa7 73. g8=Q Bxg8 74. Rxg8 Ke4 75. Kf2 Re7 76. g4 Rd7 77. Ke2
Re7 78. Rb8 Rd7 79. Rb4+ 79... Kd5 {Hossa resigns} 1-0